[Event "Wloclawek CC Classic 13th"]
[Site "Wloclawek"]
[Date "2015.??.??"]
[Round "1"]
[White "Sujkowski, Dominik"]
[Black "Chylewski, Patryk"]
[Result "0-1"]
[WhiteElo "1420"]
[BlackElo "2036"]
[PlyCount "104"]
[EventDate "2015.04.??"]
[EventType "swiss"]
[EventRounds "7"]
[EventCountry "POL"]
[SourceTitle "EXT 2021"]
[Source "ChessBase"]
[SourceDate "2020.10.23"]
[SourceVersion "1"]
[SourceVersionDate "2020.10.23"]
[SourceQuality "1"]

1. e4 c5 2. Nc3 Nc6 3. f4 g6 4. Nf3 Bg7 5. g3 e6 6. Bg2 Nge7 7. 0-0 0-0 8. d3 d6 9. a4 Rb8 10. Bd2 a6 11. Qc1 b5 12. axb5 axb5 13. Ne2 Nd4 14. Nexd4 cxd4 15. c3 Nc6 16. cxd4 Nxd4 17. Nxd4 Bxd4+ 18. Kh1 Qf6 19. Bc3 b4 20. Bxd4 Qxd4 21. Qd2 Bd7 22. h3 f5 23. Rfe1 Rfc8 24. exf5 gxf5 25. Rac1 Kf7 26. b3 Rc3 27. Rxc3 Qxc3 28. Qd1 Kg8 29. Re2 Rc8 30. d4 Qc1 31. Qxc1 Rxc1+ 32. Kh2 d5 33. h4 Rc3 34. Rb2 Rd3 35. Rb1 Kf7 36. Rb2 Ke7 37. Bf1 Rxd4 38. Kg2 Rd1 39. Kf2 Rc1 40. Be2 Rc3 41. Bf1 Kd6 42. Be2 h6 43. Bf1 Bc6 44. Be2 d4 45. Bc4 Bd5 46. Bxd5 Kxd5 47. Re2 Rxb3 48. Re5+ Kd6 49. g4 fxg4 50. Rh5 Rf3+ 51. Ke2 b3 52. Rxh6 b2 0-1

[Event "Wloclawek CC Classic 09th"]
[Site "Wloclawek"]
[Date "2014.??.??"]
[Round "4"]
[White "Rafalski, Kacper"]
[Black "Sujkowski, Dominik"]
[Result "1/2-1/2"]
[WhiteElo "1321"]
[BlackElo "1600"]
[PlyCount "53"]
[EventDate "2014.03.??"]
[EventType "swiss"]
[EventRounds "7"]
[EventCountry "POL"]
[SourceTitle "EXT 2021"]
[Source "ChessBase"]
[SourceDate "2020.10.23"]
[SourceVersion "1"]
[SourceVersionDate "2020.10.23"]
[SourceQuality "1"]

1. e4 e6 2. d4 d5 3. exd5 exd5 4. Nf3 Bd6 5. Bd3 Ne7 6. c3 c6 7. 0-0 0-0 8. Re1 Qc7 9. Nbd2 Ng6 10. Nf1 Bg4 11. h3 Bxf3 12. Qxf3 Nd7 13. Ne3 Rae8 14. Bd2 Qb6 15. Nf5 Bb8 16. b3 Nf6 17. Nh6+ Kh8 18. Nxf7+ Kg8 19. Bxg6 hxg6 20. Ne5 Bxe5 21. Rxe5 Rxe5 22. dxe5 Ne4 23. Be3 Qc7 24. Qg4 Qxe5 25. Qxg6 Qxc3 26. Rc1 Qb2 27. Qe6+ 1/2-1/2

[Event "Wloclawek CC Classic 09th"]
[Site "Wloclawek"]
[Date "2014.??.??"]
[Round "5"]
[White "Sujkowski, Dominik"]
[Black "Felski, Krzysztof"]
[Result "0-1"]
[WhiteElo "1600"]
[BlackElo "1800"]
[PlyCount "118"]
[EventDate "2014.03.??"]
[EventType "swiss"]
[EventRounds "7"]
[EventCountry "POL"]
[SourceTitle "EXT 2021"]
[Source "ChessBase"]
[SourceDate "2020.10.23"]
[SourceVersion "1"]
[SourceVersionDate "2020.10.23"]
[SourceQuality "1"]

1. e4 e5 2. Nf3 Nc6 3. Bc4 h6 4. d3 Nf6 5. Be3 d5 6. exd5 Nxd5 7. Bd2 Be7 8. Nc3 Be6 9. Nxd5 Bxd5 10. Bxd5 Qxd5 11. Bc3 Bb4 12. Bxb4 Nxb4 13. a3 Nc6 14. 0-0 0-0 15. Re1 Rfe8 16. Qd2 Rad8 17. Qc3 b6 18. h3 Rc8 19. b4 a6 20. Re2 Nd4 21. Nxd4 Qxd4 22. Qxd4 exd4 23. Rae1 Rxe2 24. Rxe2 Kf8 25. f4 c5 26. bxc5 bxc5 27. c3 c4 28. cxd4 cxd3 29. Rd2 Rc3 30. Kf1 Rxa3 31. Kf2 Ke7 32. Ke3 Kd6 33. Rxd3 Ra2 34. Rb3 g6 35. Rb6+ Kd5 36. Rf6 Ra3+ 37. Ke2 Kxd4 38. Rxf7 Ke4 39. Rf6 Ra2+ 40. Ke1 Ke3 41. Re6+ Kxf4 42. Rxg6 h5 43. Rf6+ Kg5 44. Rc6 a5 45. g3 a4 46. Kd1 a3 47. Ra6 Ra1+ 48. Kc2 a2 49. Ra5+ Kg6 50. Ra6+ Kf7 51. Ra7+ Ke6 52. Ra6+ Kd5 53. Ra5+ Ke4 54. Rxh5 Rg1 55. Ra5 a1Q 56. Rxa1 Rxa1 57. Kd2 Ra3 58. h4 Rxg3 59. Ke2 Rh3 0-1

[Event "Wloclawek CC Classic 09th"]
[Site "Wloclawek"]
[Date "2014.??.??"]
[Round "6"]
[White "Sujkowski, Dominik"]
[Black "Lapinski, Jerzy"]
[Result "1-0"]
[WhiteElo "1600"]
[BlackElo "1800"]
[PlyCount "81"]
[EventDate "2014.03.??"]
[EventType "swiss"]
[EventRounds "7"]
[EventCountry "POL"]
[SourceTitle "EXT 2021"]
[Source "ChessBase"]
[SourceDate "2020.10.23"]
[SourceVersion "1"]
[SourceVersionDate "2020.10.23"]
[SourceQuality "1"]

1. e4 c5 2. Nf3 Nc6 3. d4 cxd4 4. Nxd4 d6 5. Nc3 Nf6 6. Be3 g6 7. f3 Bg7 8. Qd2 0-0 9. 0-0-0 d5 10. exd5 Nxd5 11. Nxc6 bxc6 12. Nxd5 cxd5 13. Qxd5 Qxd5 14. Rxd5 Be6 15. Ra5 Rfd8 16. Be2 Rab8 17. b3 Bf5 18. Rd1 Rdc8 19. Bd3 Be6 20. c4 Rb7 21. Rxa7 Rxa7 22. Bxa7 Ra8 23. Be3 Rxa2 24. Bc2 Bc3 25. Rd8+ Kg7 26. Bd4+ Bxd4 27. Rxd4 Ra1+ 28. Kd2 Rg1 29. Ke3 Rxg2 30. Rd2 Rg5 31. f4 Ra5 32. Kd4 Ra2 33. Kc3 Ra3 34. Bd3 Ra7 35. Rb2 h5 36. b4 f5 37. b5 Kf6 38. b6 Rb7 39. Be2 Bd7 40. Bf3 Rb8 41. Kd4 1-0

[Event "Wloclawek CC Classic 08th"]
[Site "Wloclawek"]
[Date "2013.??.??"]
[Round "7"]
[White "Sujkowski, Dominik"]
[Black "Matusiak, Marcin"]
[Result "1/2-1/2"]
[WhiteElo "1600"]
[BlackElo "1800"]
[PlyCount "64"]
[EventDate "2013.06.??"]
[EventType "swiss"]
[EventRounds "7"]
[EventCountry "POL"]
[SourceTitle "EXT 2021"]
[Source "ChessBase"]
[SourceDate "2020.10.23"]
[SourceVersion "1"]
[SourceVersionDate "2020.10.23"]
[SourceQuality "1"]

1. e4 e6 2. d4 d5 3. Nc3 Bb4 4. e5 c5 5. a3 Bxc3+ 6. bxc3 Ne7 7. Nf3 0-0 8. Be2 Nbc6 9. 0-0 cxd4 10. cxd4 h6 11. c3 Qc7 12. Bd2 f6 13. exf6 Rxf6 14. Bd3 Bd7 15. Qc2 Nf5 16. Rfe1 Raf8 17. Re2 a6 18. a4 Nce7 19. Ne5 Ng6 20. g3 Nxe5 21. Rxe5 Nd6 22. f4 Rc8 23. Ra3 Rff8 24. Kg2 Nf7 25. Re3 Nd6 26. Re5 Nc4 27. Bxc4 dxc4 28. Kf2 Qc6 29. Qe4 Qd6 30. Bc1 Qb6 31. Qc2 Rfe8 32. Ke3 Qd6 1/2-1/2